00673naa a22001217i 45000010005000000030009000050050017000140080041000310400029000721000145001012450126002467730179003728796KOSZ 00520180430101309.0180306s2012 pl |||f| ||||0|| 0 pol d cKOSZ 005/HRaKOSZ 005/HR1 aSUCHOCKI, Czesław.d2004 - .bPolitechnika Koszalińska - Wydział Budownictwa i Inżynierii Środowiska,cKatedra Geodezji Gospodarczej10aNaziemny skaning laserowy w pomiarze brzegu klifowego Wolińskiego Parku Narodowego /cCzesław Suchocki, J. Rapiński.0 iW :tPozyskiwanie i przetwarzanie informacji w geodezji i kartografii. T. 1 / red. nauk. Wiesław Pawłowski. -dŁódź : Społeczna Akademia Nauk, 2012. -z9788378370116